Le onze du TFC en finale de Coupe De France 2023 - Statistiques

Statistiques générales
  • Ce quiz a été pris 189 fois
  • Le résultat moyen est 10 sur 14
Statistiques - réponses
Hint Réponse % Correct
BU Dallinga
94%
DC Costa
90%
MC Van den Boomen
89%
AG Aboukhlal
88%
DC Nicolaisen
82%
MDC Spierings
81%
DD Desler
79%
DG Suazo
77%
GB Haug
73%
AD Chaïbi
70%
MC Dejaegere
62%
Rentrant-69eme Sierro
42%
Rentrant-76eme Ratao
41%
Rentrant-82eme Rouault
41%
Aucun quiz correspondant
Distribution des résultats
% des personnes avec chaque résultat
Percentile par nombre de réponses
Votre historique - résultats
Vous n’avez pas pris ce quiz